Statistics for Top 15 Countries with Covid-19 Cases - 24 May

Click here to take the quiz!

General Stats

  • This quiz has been taken 25 times
  • The average score is 15 of 25

Answer Stats

country% Correct
United States
100%
China
96%
Brazil
92%
France
92%
India
92%
Italy
92%
Russia
92%
Spain
88%
United Kingdom
88%
Canada
80%
Germany
72%
Iran
68%
Turkey
64%
Sweden
48%
Switzerland
44%
Ireland
40%
Peru
40%
Saudi Arabia
40%
Belgium
36%
Chile
32%
Bahrain
24%
Kuwait
24%
Qatar
24%
Singapore
24%
Belarus
20%

Score Distribution

Percentile by Number Answered

Percent of People with Each Score

Your Score History

You have not taken this quiz